Central Library OPAC University of Rajshahi

Not for glory / (Record no. 24365)

MARC details
000 -LEADER
fixed length control field 00779cam a2200265 4500
001 - CONTROL NUMBER
control field 24365
003 - CONTROL NUMBER IDENTIFIER
rucl marc code BD-RjUL
005 - DATE AND TIME OF LATEST TRANSACTION
control field 20211209001036.0
008 - FIXED-LENGTH DATA ELEMENTS--GENERAL INFORMATION
fixed length control field 140313s1969 enkabc b 001 0beng d
020 ## - INTERNATIONAL STANDARD BOOK NUMBER
International Standard Book Number 0080071015
035 ## - SYSTEM CONTROL NUMBER
System control number (BD-RjUL)24431
040 ## - CATALOGING SOURCE
Original cataloging agency DLC
Transcribing agency DLC
Modifying agency DLC
-- BD-RjUL
Language of cataloging eng
041 ## - LANGUAGE CODE
Language code of text/sound track or separate title eng
082 00 - DEWEY DECIMAL CLASSIFICATION NUMBER
Classification number 940.409420924
Author mark and year TUN 1969
100 1# - MAIN ENTRY--PERSONAL NAME
Personal name Turner, P. W.
Fuller form of name (Philip Wilson)
9 (RLIN) 75009
245 10 - TITLE STATEMENT
Title Not for glory /
Statement of responsibility, etc. by P. W. Turner and R. H. Haigh.
260 ## - PUBLICATION, DISTRIBUTION, ETC. (IMPRINT)
Place of publication, distribution, etc. London :
Name of publisher, distributor, etc. Maxwell,
Date of publication, distribution, etc. 1969.
300 ## - PHYSICAL DESCRIPTION
Pagination 113 p. :
Illustrations illus., maps, ports. ;
Size 23 cm.
504 ## - BIBLIOGRAPHY, ETC. NOTE
Bibliography, etc Bibliography: p. 110. and Index
600 10 - SUBJECT ADDED ENTRY--PERSONAL NAME
Personal name Hall, Gilbert.
700 1# - ADDED ENTRY--PERSONAL NAME
Personal name Haigh, R. H.,
Relator term joint author.
942 ## - ADDED ENTRY ELEMENTS (KOHA)
Source of classification or shelving scheme Dewey Decimal Classification
Koha item type Books
Holdings
Lost status Source of classification or shelving scheme Damaged status Not for loan Collection code Permanent Location Current Location Shelving location Date acquired Source of acquisition Cost, normal purchase price Total Checkouts Full call number Date last seen Copy number Koha item type
  Dewey Decimal Classification   Added to bundle Non-fiction Central Library, University of Rajshahi Central Library, University of Rajshahi Reading Room 02/08/1972 Book centre 46.20   940.409420924 TUN 1969 13/03/2014 C-1 Books